000 00757nam a2200289Ia 4500
001 8545
003 IT-RoPAU
008 130308s9999 xx 000 0 und d
040 _aIT-RoPAU
040 _cIT-RoPAU
041 _aITALIANO
100 _aGreenberg Clement
100 _gCodice Aut. SPICS: 5840
245 _aAvanguardia e Kitsch
245 _bKitsch (Il)-Antologia del Cattivo Gusto
250 _a1a ed.
260 _aMILANO
260 _bMazzotta
260 _c1972 [1° Ed.:1968 - Ed.Ling.Originale:1939]
300 _a"12 p. (prefazione: no ; testo: 12 [pagine: 115-126])"
650 _aTEORIA/LINGUAGGI DI ICONOLOGIA
650 _eCodice materia Spics: 5153
942 _cBK
957 _71
999 _c47588
_d47588
999 _bSI
999 _g1